Voices of modern India : (Record no. 125596)

MARC details
000 -LEADER
fixed length control field 00686nam a22002177a 4500
005 - DATE AND TIME OF LATEST TRANSACTION
control field 20170124105957.0
010 ## - LIBRARY OF CONGRESS CONTROL NUMBER
LC control number A-583179
020 ## - INTERNATIONAL STANDARD BOOK NUMBER
Terms of availability 00.00
International Standard Book Number 0863112684
035 ## - SYSTEM CONTROL NUMBER
System control number A-583179
037 ## - SOURCE OF ACQUISITION
Source of stock number/acquisition Cen Lib/Ret
040 ## - CATALOGING SOURCE
Original cataloging agency DPL
Language of cataloging EN
082 ## - DEWEY DECIMAL CLASSIFICATION NUMBER
Classification number 080
Item number MIS
245 ## - TITLE STATEMENT
Title Voices of modern India :
Statement of responsibility, etc edited by Ganeshwar Mishra [and] Arun Kumar Mohanty
Remainder of title views of great Indian thinkers /
260 ## - PUBLICATION, DISTRIBUTION, ETC. (IMPRINT)
Place of publication, distribution, etc Calcutta
Name of publisher, distributor, etc Orient Longman
Date of publication, distribution, etc 1992
270 ## - ADDRESS
Address 17 Chittaranjan Avenue
City Calcutta
Postal code 700072
300 ## - PHYSICAL DESCRIPTION
Extent 156p.
Dimensions 21cm(Hb)
650 ## - SUBJECT ADDED ENTRY--TOPICAL TERM
Topical term or geographic name as entry element India-our motherland
9 (RLIN) 14893
650 ## - SUBJECT ADDED ENTRY--TOPICAL TERM
Topical term or geographic name as entry element Hinduism
9 (RLIN) 84973
700 ## - ADDED ENTRY--PERSONAL NAME
Personal name Mohanty, Arun Kumar
9 (RLIN) 14895
942 ## - ADDED ENTRY ELEMENTS (KOHA)
Source of classification or shelving scheme Dewey Decimal Classification
Koha item type English Books
Classification part 080
Call number suffix MIS
Holdings
Withdrawn status Lost status Damaged status Not for loan Home library Current library Date acquired Source of acquisition Cost, normal purchase price Total Checkouts Full call number Barcode Date last seen Copy number Cost, replacement price Price effective from Koha item type
        Central Library Central Library 22/06/2015 Cen Lib/Ret 0.00   080 MIS A-583179 22/06/2015 1 0.00 15/09/2016 English Books

© Delhi Public Library
Hit Counter
free hit counter